Environmental ethics <an> Interdisciplinary Journal Dedicated to the Philosophical Aspects of Environmental Problems
Enregistré dans:
| Format: | Publication en série |
|---|---|
| Langue: | anglais |
| Publié: |
Denton
<The> University of North Texas
|
| Sujets: | |
| Tags: |
Pas de tags, Soyez le premier à ajouter un tag!
|
MARC
| LEADER | 00000nas1a2200000 4500 | ||
|---|---|---|---|
| 001 | 0006857 | ||
| 005 | 20250701092118.0 | ||
| 022 | |a 0163-4275 | ||
| 022 | |a 2153-7895 | ||
| 041 | 0 | |a eng | |
| 044 | |a US | ||
| 245 | 1 | 0 | |a Environmental ethics |b <an> Interdisciplinary Journal Dedicated to the Philosophical Aspects of Environmental Problems |
| 264 | 1 | |a Denton |b <The> University of North Texas | |
| 610 | 2 | 0 | |a etika environmentálna |
| 610 | 2 | 0 | |a prostredie životné |
| 610 | 2 | 0 | |a etika |
| 610 | 2 | 0 | |a filozofia |